Women on the sports podium (Record no. 506363)
[ view plain ]
| 000 -LEADER | |
|---|---|
| fixed length control field | 00385nam a2200157Ia 4500 |
| 008 - FIXED-LENGTH DATA ELEMENTS--GENERAL INFORMATION | |
| fixed length control field | 181130s2018 xx 000 0 und d |
| 100 ## - MAIN ENTRY--PERSONAL NAME | |
| Personal name | Rajput, Vaishali |
| 245 ## - TITLE STATEMENT | |
| Title | Women on the sports podium |
| 260 ## - PUBLICATION, DISTRIBUTION, ETC. | |
| Date of publication, distribution, etc. | 2018 |
| 300 ## - PHYSICAL DESCRIPTION | |
| Extent | p.24-27. |
| 504 ## - BIBLIOGRAPHY, ETC. NOTE | |
| -- | 25-Jun |
| 650 ## - SUBJECT ADDED ENTRY--TOPICAL TERM | |
| Topical term or geographic name entry element | Women in sports |
| 700 ## - ADDED ENTRY--PERSONAL NAME | |
| Personal name | Lau, Suresh Kumar |
| 773 ## - HOST ITEM ENTRY | |
| Main entry heading | University News |
| 906 ## - LOCAL DATA ELEMENT F, LDF (RLIN) | |
| a | Women in sports |
| Withdrawn status | Lost status | Damaged status | Not for loan | Permanent Location | Current Location | Date acquired | Serial Enumeration / chronology | Barcode | Date last seen | Price effective from | Koha item type |
|---|---|---|---|---|---|---|---|---|---|---|---|
| Indian Institute of Public Administration | Indian Institute of Public Administration | 2018-12-07 | 56(26), 25-Jun, 2018: p.24-27. | AR118158 | 2018-12-07 | 2018-12-07 | Articles |
